Sudety, Bieszczady, Góry Świętokrzyskie - Statystyki

Ogólne statystyki
  • Ten quiz został rozwiązany 53 razy
  • Średni wynik to 9 z 43
Statystyki odpowiedzi
Hint Odpowiedź % Poprawnych
Łąki górskie Bieszczad - nazwa połoniny
63%
najwyższy szczyt Bieszczad - nazwa Tarnica
63%
Sudety - rodzaj gór zrębowe
52%
Wysokość Śnieżki w m n.p.m 1602
48%
jaskinia w paśmie Chęcińskim Jaskinia Raj
48%
Bieszczady - rodzaj gór fałdowe
44%
najwyższy szczyt Bieszczad - wysokość w m n.p.m 1346
41%
Wysokość Łysicy w m n.p.m 614
41%
Wysokość Śnieżnika w m n.p.m 1425
33%
Ostańce Skalne w Sudetach składają się z tego materiału. granit
33%
Rzeka na której jest położone Jezioro Nyskie Nysa Kłodzka
33%
Najwyższy wierzchołek Masywu Śnieżnika Śnieżnik
33%
Miejscowość w której jest Wodospad Szklarki Szklarska Poręba
33%
O tyle metrów niżej są granice pięter klimatyczno-roślinnych w Sudetach, niż w Tatrach 200
26%
W tej jaskinii znaleziono ślady neandertalczyków Jaskinia Raj
26%
Rzeka na której jest położone Jezioro Otmuchowskie Nysa Kłodzka
26%
Rzeka na której jest położone Jezioro Pilchowickie Bóbr
22%
okresy powstawania fliszu karpackiego kreda, paleogen, neogen
22%
Znana połonina Połonina Wetlińska
19%
Różnica wysokości między dwoma stronami uskoku brzeżnego Sudetów ( z jednostką ) 300 m
15%
Drzewa rosnące poniżej połonin buk | olsza
15%
budulec Bieszczad flisz karpacki
15%
budulec Śnieżki hornfels
15%
miejsce znalezienia przedmiotów do wytapiania żelaza w Górach Świętokrzyskich sprzed 2 tysięcy lat Nowa Słupia
15%
Najwyższy punkt Łysicy Skała Agaty
15%
materiały budujące flisz karpacki zlepieniec | piaskowiec | mułowiec | iłowiec | margiel
15%
Rzeka na której jest położone Jezioro Mietkowskie Bystrzyca
11%
Sudety stanowią część tej jednostki geologicznej Masyw Czeski
11%
obszarowy wypływ wód podziemnych młaka
11%
prawierównia - inna nazwa peneplena
11%
Nazwa na najbardziej wysunięty na południe fragment Bieszczad bieszczadzki worek
7%
Jedno z pasm Gór Świętokrzyskich poza Łysicą Chęcińskie
7%
Miejsce wydobycia zlepieńców z których wybudowano pierwszą kolumnę Zygmunta Czerwona Góra
7%
Park Krajobrazowy Bieszczad Doliny Sanu
7%
W co przekształciły się Sudety po denudacji trwającej 200 milionów lat - nazwa prawierównia
7%
Długość Jaskinii + jednostka 240 m
4%
Wysokość Wodospadu Kamieńczyka z jednostką 27 m
4%
Jaskinia Niedźwiedzia - długość z jednostką 4,5 km
4%
Park Krajobrazowy Bieszczad (dwuczłonowa nazwa) Ciśniańsko-Wetliński
4%
Miejsce znalezienia śladów tetrapoda (zwierzę między rybą a zwierzęciem czworonożnym) kamieniołom Zachełmie
4%
Zrąb tektoniczny wzdłuż uskoku brzeżnego Sudetów Krawędź sudecka
4%
Co rosło poniżej lasów jodłowych w Górach Świętokrzyskich las modrzewiowy
4%
Najwyższy szczyt Połoniny Wetlińskiej Osadzki Wierch
0%
Nie znaleziono quizów pasujących do podanych kryteriów
Rozkład punktacji
Procent ludzi z każdym wynikiem
Percentyl według liczby udzielonych odpowiedzi
Twoja historia wyników
Nie rozwiązałeś tego quizu